000 01203nam0a2200361 4500
001 RU\NLR\bibl\178007
005 20250618062141.0
010 _a5-93603-032-6
_910000
021 _aRU
_b2001-24678
_91170
035 _a(NLR Aleph) 000174695
090 _a1007479
_c1007479
100 _a20010808d2001 |||y0rusy50 ca
101 0 _arus
102 _aRU
105 _aa |||||||||
200 1 _a575 лучших игр для Dendy
_eСоветы, коды, пароли, подсказки
_e[Для сред. и ст. шк. возраста]
210 _aСПб.
_cНева-Визит
_d2001
215 _a140 с.
_cил.
_d21
300 _aЗагл. обл.: Dendy. 575 игр
512 1 _aDendy. 575 игр
606 0 _aВидеоигры
_92336711
_3RU\NLR\auth\661396997
606 0 _aDENDY, игровая приставка
_92087302
_3RU\NLR\auth\661263464
610 0 _aВидеоигры
675 _a004.388.4
_v3
_zrus
686 _a50
_2rugasnti
686 _a77.056с.я92
_2rubbk
686 _aЗ973.23-018.921
801 0 _aRU
_bRKP
_c20010808
_gPSBO
801 1 _aRU
_bRKP
_c20010808
801 2 _aRU
_bNLR
_c20070530
_grcr
942 _cBOOK
980 _aNB